Uncharted 2: Among Thieves Chapters - Statistics

General Stats
  • This quiz has been taken 70 times
  • The average score is 14 of 26
Answer Stats
Number Chapter % Correct
3 Borneo
74%
1 A Rock And A Hard Place
72%
13 Locomotion
66%
6 Desperate Times
62%
5 Urban Warfare
62%
22 The Monastery
60%
26 Tree Of Life
60%
16 Where Am I?
60%
20 Cat And Mouse
56%
4 The Dig
54%
25 Broken Paradise
52%
21 Convoy
52%
7 They’re Coming With Us
52%
15 Train-Wrecked
52%
2 Breaking And Entering
50%
18 Heart Of Ice
50%
14 Tunnel Vision
50%
17 Mountaineering
48%
12 A Train To Catch
46%
9 Path Of Light
44%
23 Reunion
44%
19 Siege
44%
24 The Road To Shambhala
44%
11 Keep Moving
42%
10 Only One Way Out
42%
8 The City’s Secret
38%
No matching quizzes found
Score Distribution
Percent of People with Each Score
Percentile by Number Answered
Your Score History
You have not taken this quiz